| 000 | 00701nam a2200241Ia 4500 | ||
|---|---|---|---|
| 005 | 20260629163255.0 | ||
| 008 | 260629s9999||||xx |||||||||||||| ||und|| | ||
| 020 |
_a9780631228783 _qpbk |
||
| 082 |
_a304.2 _bLOW |
||
| 100 | _aLow, Setha M. [ed.] | ||
| 245 | 4 | _aThe anthropology of space and place : locating culture | |
| 260 |
_aOxford _bBlackwell Publishing _c2003 |
||
| 300 | _aix, 422p. ; 25cm. | ||
| 490 | _aBlackwell research in anthropology | ||
| 653 | _aHuman geography | ||
| 653 | _aHuman territoriality | ||
| 653 | _aOpen spaces | ||
| 653 | _aPersonal space | ||
| 653 | _aPublic spaces | ||
| 653 | _aSpatial behavior | ||
| 700 | _aLawrence-Zuniga, Denise [ed.] | ||
| 942 | _cBK | ||
| 999 |
_c57334 _d57334 |
||